Ładuje się......

Tribal world of Verrier Elwin /

Opis bibliograficzny
1. autor: Elwin, Verrier
Format: Printed Book
Język:English
Wydane: London : Oxford University Press, 1964.
LEADER 00447nam a2200121Ia 4500
008 150624b xxu||||| |||| 00| 0 eng d
082 |a 307.772092 
100 |a Elwin, Verrier 
245 |a Tribal world of Verrier Elwin /  |c Verrier Elwin 
260 |a London :  |b Oxford University Press,  |c 1964. 
942 |c BK 
999 |c 61927  |d 61927 
952 |0 0  |1 0  |4 0  |6 307_772092000000000_ELW_T  |7 0  |9 61904  |a UL  |b UL  |c ST2  |d 2012-10-27  |l 0  |o 307.772092 ELW/T  |p D960  |r 2012-10-27  |w 2012-10-27  |y BK